00301nam a2200097Ia 4500008004100000100001500041245007600056250001300132260005000145300000800195190216s9999||||xx |||||||||||||| ||und|| aBhole. L.M 0a"Financial Institutions And Markets, Structure, Growth And Innovations" a14th Ed. bTata Mcgraw Hill Publishing Company Ltdc1998 a527